Top 10 Badminton Players in the World - Statistics

General Stats
  • This quiz has been taken 575 times
  • The average score is 5 of 10
Answer Stats
Hint Answer % Correct
China Lin Dan
91%
Malaysia Lee Chong Wei
90%
Denmark Viktor Axelsen
83%
China Chen Long
77%
Spain Carolina Marin
61%
Taiwan Tai Tzu-Ying
40%
Thailand Ratchanok Intanon
32%
Denmark Jan O Jorgensen
18%
China Li Xuerui
10%
China Wang Yihan
8%
No matching quizzes found
Score Distribution
Percent of People with Each Score
Percentile by Number Answered
Your Score History
You have not taken this quiz